000
00317nam a22001097a 4500
082
_a
340.6 MAT
100
_a
K. Mathiharan and Amrit K. Patnaik
245
_a
Modi's Medical Jurisprudence and Toxicology
_c
Mathiharan K
300
_a
962,417p
942
_2
ddc
_c
BK
999
_c
540961
_d
540961